000 01043nam a2200241 a 4500
001 BRCA_1414
005 20190320203421.0
008 030205s2002 sp-a---##b---f000-0#spa-#
020 _a8436936361
050 4 _aN8214.5.P4
_b.F54 2002
245 1 0 _aFiguras transparentes
_btipos y estereotipos del Perú decimonónico.
260 _aMadrid
_bMinisterio de Educación, Cultura y Deporte : Dirección General de Bellas Artes y Bienes Culturales, Subdirección General de Promoción de las Bellas Artes
_c[2002]
300 _a165 p.
_bil.
_c28 cm.
500 _aCatálogo de la exposición realizada en el Museo de América (Madrid), diciembre 2002 - marzo 2003
504 _aBibliografía: p. 161-165
610 2 4 _aMuseo de América (Madrid, España)
_vExposiciones
_93738
650 1 4 _aArte europeo
_vExposiciones
_ySiglo XIX
_94620
650 1 4 _aArte
_vExposiciones
_zEspaña
_92034
651 4 _aPerú
_vEn arte
_94621
651 4 _aPerú
_vExposiciones
_xVida social y costumbres
_ySiglo XIX
_94622
653 0 _aVida cotidiana
942 _2lcc
_cB
999 _c1276
_d1276